Competitive advantage and choice of strategy in agriculture
Analýza strategických riešení stratových a nefunkčných podnikov a stratégie nákladového líderstva, ktorá je spojená s konkurenčnou výhodou racionálneho manažmentu intenzifikačných nákladov.
Guardado en:
| Autor principal: | |
|---|---|
| Otros Autores: | |
| Formato: | Capítulo de libro |
| Lenguaje: | inglés |
| Materias: | |
| Etiquetas: |
Sin Etiquetas, Sea el primero en etiquetar este registro!
|
MARC
| LEADER | 00000naa a2200000 4500 | ||
|---|---|---|---|
| 001 | r043679 | ||
| 005 | 20230918081018.5 | ||
| 041 | 0 | |a eng | |
| 044 | |a SK | ||
| 245 | 1 | 0 | |a Competitive advantage and choice of strategy in agriculture |c Miroslav Grznár, Ľuboslav Szabo |
| 520 | |a Analýza strategických riešení stratových a nefunkčných podnikov a stratégie nákladového líderstva, ktorá je spojená s konkurenčnou výhodou racionálneho manažmentu intenzifikačných nákladov. | ||
| 610 | 2 | 0 | |a potravinárstvo |
| 610 | 2 | 0 | |a komodity |
| 610 | 2 | 0 | |a dopyt |
| 610 | 2 | 0 | |a podnikanie |
| 610 | 2 | 0 | |a výhody konkurenčné |
| 610 | 2 | 0 | |a náklady |
| 100 | 1 | |a Grznár, Miroslav | |
| 700 | 1 | |a Szabo, Ľuboslav | |